00522nam a2200157Ia 450000500170000000800410001704100080005808200160006610000270008224500380010926000360014730000090018365000220019299900190021495201310023320250729165747.0250729s2010 xx 000 0 und d aeng a372.25 NORU aNorber Minezes9232335 aUnder achivers can be top scorers aPatnabPrabhath Prakashanc2010 a176p aEducation9232336 c239731d239731 00104070aALbALd2025-07-29eManagement Bookg100.00l0o372.25 NORUpBED05050r2025-07-29 16:57:47v100.00w2025-07-29yBK